All Steven Universe Episodes - Statistics

General Stats
  • This quiz has been taken 46 times
  • The average score is 83 of 174
Answer Stats
Episode Answer % Correct
S1A:E1 Gem Glow
86%
S5:E27 Change Your Mind
79%
S5:E18 A Single Pale Rose
76%
S1A:E12 Giant Woman
76%
S1B:E11 Alone Together
69%
S4:E24 I Am My Mom
69%
S4:E23 Are You My Dad?
66%
S3:E20 Bismuth
66%
S3:E8 Mr. Greg
66%
S3:E21 Beta
62%
S1A:E7 Bubble Buddies
62%
S1A:E6 Cat Fingers
62%
S1A:E3 Cheeseburger Backpack
62%
S3:E5 Hit the Diamond
62%
S1B:E26 Jail Break
62%
S1A:E25 Mirror Gem
62%
S1A:E26 Ocean Gem
62%
S1A:E19 Rose's Room
62%
S3:E1 Super Watermelon Island
62%
Future:E20 The Future
62%
S4:E13 The Zoo
62%
S1A:E4 Together Breakfast
62%
S3:E4 Barn Mates
59%
S3:E24 Bubbled
59%
S5:E26 Escapism
59%
S1A:E5 Frybo
59%
S3:E2 Gem Drill
59%
S4:E2 Know Your Fusion
59%
S5:E11 Lars of the Stars
59%
S1A:E2 Laser Light Cannon
59%
S5:E3 Off Colors
59%
S5:E23 Reunited
59%
S1A:E8 Serious Steven
59%
Movie Steven Universe: The Movie
59%
S5:E2 The Trial
59%
S5:E25 Familiar
55%
S2:E1 Full Disclosure
55%
Future:E19 I Am My Monster
55%
S5:E12 Jungle Moon
55%
S5:E24 Legs From Here to Homeworld
55%
S1A:E17 Lion 2: The Movie
55%
S1A:E15 Onion Trade
55%
S2:E23 Steven's Birthday
55%
S1A:E10 Steven's Lion
55%
S3:E19 Steven vs. Amethyst
55%
S2:E6 Sworn to the Sword
55%
S1B:E23 The Message
55%
S1B:E8 Watermelon Steven
55%
S2:E20 Back to the Barn
52%
S3:E23 Back to the Moon
52%
S3:E11 Beach City Drift
52%
S5:E5 Dewey Wins
52%
S3:E22 Earthlings
52%
S1A:E14 Lars and the Cool Kids
52%
Future:E1 Little Homeschool
52%
S5:E22 Made of Honor
52%
S2:E25 Message Received
52%
S5:E19 Now We're Only Falling Apart
52%
S2:E13 Onion Friend
52%
S4:E7 Onion Gang
52%
S1B:E14 On the Run
52%
S1B:E19 Rose's Scabbard
52%
S4:E10 Steven's Dream
52%
S1A:E16 Steven the Sword Fighter
52%
S2:E22 The Answer
52%
S1A:E9 Tiger Millionaire
52%
S2:E21 Too Far
52%
S1B:E10 Warp Tour
52%
S2:E9 We Need to Talk
52%
S4:E11 Adventures in Light Distortion
48%
S5:E17 Can't Go Back
48%
S2:E10 Chille Tid
48%
S1A:E20 Coach Steven
48%
S3:E6 Drop Beat Dad
48%
S2:E24 It Could've Been Great
48%
S1A:E21 Joking Victim
48%
S1B:E5 Keep Beach City Weird
48%
S3:E13 Kiki's Pizza Delivery Service
48%
S5:E4 Lars' Head
48%
S5:E16 Letters to Lars
48%
S1B:E24 Political Power
48%
S5:E9 Sadie Killer
48%
S2:E17 Sadie's Song
48%
S2:E3 Say Uncle
48%
S1A:E13 So Many Birthdays
48%
S1A:E22 Steven and the Stevens
48%
S1B:E22 Story for Steven
48%
S4:E15 The New Crystal Gems
48%
S5:E21 The Question
48%
S1B:E25 The Return
48%
S2:E19 When it Rains
48%
S3:E15 Alone at Sea
45%
S1A:E11 Arcade Mania
45%
S2:E18 Catch and Release
45%
S1B:E13 Future Vision
45%
S1B:E7 Garnet's Universe
45%
S4:E8 Gem Harvest
45%
S4:E12 Gem Heist
45%
S2:E14 Historical Friction
45%
Future:E17 Homeworld Bound
45%
S1B:E1 House Guest
45%
S2:E12 Keystone Motel
45%
S4:E1 Kindergarten Kid
45%
S1B:E9 Lion 3: Straight to Video
45%
S4:E20 Lion 4: Alternate Ending
45%
S2:E26 Log Date 7 15 2
45%
S1A:E23 Monster Buddies
45%
S3:E14 Monster Reunion
45%
S3:E12 Restaurant Wars
45%
S3:E6 Steven Floats
45%
S4:E16 Storm in the Room
45%
S5:E1 Stuck Together
45%
S4:E14 That Will Be All
45%
S3:E10 The New Lars
45%
S1B:E12 The Test
45%
S4:E9 Three Gems and a Baby
45%
Future:E4 Volleyball
45%
Future:E6 A Very Special Episode
41%
S1A:E18 Beach Party
41%
S3:E18 Crack the Whip
41%
S2:E11 Cry for Help
41%
Future:E18 Everything's Fine
41%
S2:E15 Friend Ship
41%
S1B:E6 Fusion Cuisine
41%
S4:E5 Future Boy Zoltron
41%
S5:E6 Gemcation
41%
S3:E17 Gem Hunt
41%
S3:E16 Greg the Babysitter
41%
S2:E2 Joy Ride
41%
S5:E10 Kevin Party
41%
S4:E6 Last One Out of Beach City
41%
S2:E4 Love Letters
41%
S4:E4 Mindful Education
41%
Future:E15 Mr. Universe
41%
S2:E16 Nightmare Hospital
41%
S2:E5 Reformed
41%
S3:E3 Same Old World
41%
S1B:E3 Secret Team
41%
S5:E20 What's Your Problem
41%
S1A:E24 An Indirect Kiss
38%
S4:E3 Buddy's Book
38%
S4:E21 Doug Out
38%
Future:E16 Fragments
38%
S1B:E4 Island Adventure
38%
Future:E9 Little Graduation
38%
S1B:E18 Marble Madness
38%
S1B:E20 Open Book
38%
S4:E17 Rocknaldo
38%
S1B:E21 Shirt Club
38%
Future:E7 Snow Day
38%
S1B:E2 Space Race
38%
S4:E22 The Good Lars
38%
Future:E13 Together Forever
38%
S5:E13 Your Mother and Mine
38%
S5:E8 Back to the Kindergarten
34%
Future:E5 Bluebird
34%
Future:E14 Growing Pains
34%
S5:E15 Pool Hopping
34%
S4:E19 Room for Ruby
34%
S5:E14 The Big Show
34%
S4:E18 Tiger Philanthropist
34%
S1B:E16 Winter Forecast
34%
S1B:E15 Horror Club
31%
S2:E8 Keeping it Together
31%
S1B:E17 Maximum Capacity
31%
S5:E7 Raising the Barn
31%
S2:E7 Rising Tides, Crashing Skies
31%
S3:E9 Too Short to Ride
31%
Future:E8 Why So Blue?
31%
Future:E12 Bismuth Casual
28%
Future:E11 In Dreams
21%
Future:E2 Guidance
17%
Future:E10 Prickly Pair
17%
Future:E3 Rose Buds
17%
No matching quizzes found
Score Distribution
Percent of People with Each Score
Percentile by Number Answered
Your Score History
You have not taken this quiz